000 00349 a2200145 4500
001 155232
040 _cEscola São Tomás de Aquino
100 _aCERROLAZA, Óscar
240 1 0 _aPlanet@ 1
_lpor
245 1 0 _aPlanet@ 1
300 _a139
362 0 _a1998
697 _aSistemas de escrita, fonologia, fonética da norma espanhola
942 _cBK
999 _c155232
_d155232